000 01247cam a22003377a 4500
003 CHAP
005 20220329141925.0
008 980623d1996 mx a r 10110 spa d
010 _a75802
011 _a76774
035 _a86363
040 _cCHAP
082 0 4 _a634.775
_bC8
111 0 0 _aCurso Teórico Práctico sobre el Cultivo de la Pitahaya (
_n1 :
_d1996 :
_cChetumal, Q.R.)
_930697
245 1 0 _aMemorias
_c/comp. por Roberta Castillo Martínez y Héctor Calix de Dios
260 _aChetumal. Q.R. :
_bUniversidad de Quintana Roo. División de Ciencias e Ingeniería,
_c1996.
300 _a123 p. :
_bilus.
590 _aBATCH-UPD
_b10
_c20130110
_lUCH01
_h0323
590 _aBATCH-UPD
_b10
_c20130110
_lUCH01
_h1608
590 _aBATCH-UPD
_b10
_c20130409
_lUCH01
_h2356
590 _aBATCH-UPD
_b10
_c20130410
_lUCH01
_h1611
590 _aBATCH-UPD
_b10
_c20130914
_lUCH01
_h1133
590 _aCONVERSION
_b10
_c20130109
_lUCH01
_h1341
650 1 4 _aHylocereus undatus.
_957088
700 0 _aCalix de Dios, Héctor
_ecomp.
_917515
700 0 _aCastillo Martínez, Roberta
_ecomp.
_920172
901 _aBK
905 _aAlejandra Carrasco M.
942 _cLIBRO
949 _a634.775 C8
_bBC
_cCONG
_d33724000696803
_eCONG
_h92462
_i86363
_kDonaciØn
_sb
999 _c75802
_d75802